000 00318nam a2200133Ia 4500
008 150201s2010 xx 000 0 und d
082 _a616.01
_bM10C
100 _aJAGDISH CHANDER
245 _aTB OF MEDICAL MYCOLOGY
250 _a3RD
260 _bMEHTA
_aDELHI
_c2010
650 _aMICROBIOLOGY
942 _2ddc
_cBK
_062
999 _c1132
_d1132